| 000 | 01305cam a22004214i 4500 | ||
|---|---|---|---|
| 003 | PE-LiUPU | ||
| 005 | 20250731172927.0 | ||
| 008 | s1922 r 000 0 eng d | ||
| 035 | _a(Sirsi) a204041 | ||
| 040 |
_aPE-LiUPU _bspa _cPE-LiUPU _erda |
||
| 049 | _aPRUA | ||
| 082 | 0 | 4 |
_a234.1 _bS74 _220 |
| 100 | 1 |
_aSperry Chafer, Lewis, _eautor. |
|
| 245 |
_aGrace / _cLewis Sperry Chafer. |
||
| 264 |
_aMichigan : _bDUNHAM, _c1922. |
||
| 300 |
_a373 páginas ; _c19 centímetros. |
||
| 336 |
_text _2rdacontent |
||
| 337 |
_unmediated _2rdamedia |
||
| 338 |
_volume _2rdacarrier |
||
| 505 | 0 | _aThe theme -- Salvation by grace -- Safe-keeping in grace -- The life under grace -- Conclusión and appeal. | |
| 526 | _aSEG42 | ||
| 526 | _aSEG41 | ||
| 526 | _aSEG40 | ||
| 526 | _aSEG39 | ||
| 526 | _aP94 | ||
| 526 | _aP87 | ||
| 526 | _aP86 | ||
| 526 | _aP85 | ||
| 526 | _aP77 | ||
| 526 | _aP76 | ||
| 526 | _aP35 | ||
| 650 | 0 | 4 |
_aEvolución _9946 |
| 650 | 0 | 4 | _aCreación |
| 596 | _a1 | ||
| 942 |
_2ddc _cBOOK |
||
| 999 |
_a234.1 S74 _wLC _c20420 _i76000 _f2021-11-10 _g4 _lCCODEBUL1 _mBUL _r0 _sY _tBOOK _u2017-5-23 _xTEOLOGIA _PP85 _0COMPRA _o.STAFF. Colección Teología _d20420 |
||
| 980 |
_81 _gALBERTO SANCHEZ Responsable de Automatización |
||